| 000 | 00874nam a2200253 a 4500 | ||
|---|---|---|---|
| 001 | 58653 | ||
| 003 | BD-RJUL | ||
| 005 | 20211209080638.0 | ||
| 008 | 161219s1988 enk b 001 0 eng d | ||
| 020 | _a0813376769 | ||
| 035 | _a(BD-RjUL)58777 | ||
| 040 |
_aBD-RjUL _beng _cBD-RjUL _dBD-RjUL |
||
| 041 | _aeng | ||
| 082 |
_223 _a338.47669142 _bSTE 1988 |
||
| 245 | 0 | 0 |
_aSteel and the State : _bgovernment intervention and steel's structural crisis / _cThomas R. Howell ... [et al.] |
| 260 |
_aLondon : _bWestview Press, _c1988. |
||
| 300 |
_axiii, 580 p. ; _c23 cm. |
||
| 490 | _aEconomic competition among nations | ||
| 504 | _aIncludes index and bibliography | ||
| 650 | 0 |
_aSteel industry and trade _xGovernment policy _zUnited States _9174326 |
|
| 700 | 1 |
_aHowell, Thomas R., _d1949- _9174327 |
|
| 830 | 0 |
_aEconomic competition among nations _9177669 |
|
| 942 |
_2ddc _cBK |
||
| 999 |
_c58653 _d58653 |
||